000 00663nam a2200241 a 4500
001 54025
003 BD-RjUL
005 20211209080049.0
008 161031s1964 en a|||| |||| 001 0 eng d
035 _a(BD-RjUL)54147
040 _aBD-RjUL
_beng
_cBD-RjUL
041 _aeng
082 _a512.02
_bDEA 1964
100 _aDeskins, W. E.
_9161318
245 1 0 _aAbstract algebra /
_cW. E. Deskins
260 _aLondon :
_bThe Macmillan Company,
_c1964
300 _axii, 624 p. :
_bill. ;
_c24 cm.
500 _aIncludes index
650 _aAlgebra
_9161319
650 _aAlgebra, Abstract
_9161320
650 _aAlgebraische Struktur
_9161321
942 _2ddc
_cBK
999 _c54025
_d54025